| 000 | 00407nam a2200169Ia 4500 | ||
|---|---|---|---|
| 008 | 180921t2015 xxu||||| |||| 00| 0 sin d | ||
| 041 | _asin | ||
| 080 |
_a8ස2 _bSHE |
||
| 100 |
_a K. G. Karunathilaka _etr. |
||
| 245 | _aමැක්බත් | ||
| 246 | _aMakbath | ||
| 260 |
_bGodage _aColombo _c2015 |
||
| 300 | _b288p, 21cm | ||
| 942 | _cBK | ||
| 999 |
_c5094 _d5094 |
||
| 003 | LK-CoDNM | ||
| 040 |
_aLK-CoDNM _dLK-CoDNM _eLK-CoDNM |
||